01289nam a22002537a 4500003000400000005001700004008004100021040002200062082002200084100003800106245005500144260003700199300001900236490002000255505001400275505033200289505004900621505008800670505010400758650004100862650004500903650004300948650004400991OSt20230706133745.0221006b |||||||| |||| 00| 0 eng d cBiblioteca Lado V a980.004.68bR696a aRodriguez, Emilio Jorgeedirector aAnales del Caribe/bCentro de Estudios del Caribe/ c2000bCasa de las AmericasaCuba c16x23cma400p. v2000x0864-0491 aEditorial aDossiertMare Pacificum Los tatuajes polinesios El ojo El Estilo Hawaiano La gran Mancha de Basura del Pacifico Oceano-Mundo Escribir Historias Insulares en el pacifico mexicano Varua rapa nui clipperton isla Mexicana Islas Islas Japonesas El surgimiento del mar Una descolonizacion inconclusa El pacifico chino  aArtetMiradas del pacifico de Moises Barrios aPanopticotEl oficio Palco Alambique Agora Personajes secundarios Otros Mundos aCriticatSin Justificar Esta Noche el Gran Terremoto Tema Libre Apocalypse Now Nuestros Autores 02Tesauro de Arte & ArquitecturaaARTE 02Tesauro de Arte & ArquitecturaaHISTORIA 2Tesauro de Arte & ArquitecturaaCARIBE 2Tesauro de Arte & ArquitecturaaCRITICA